[Event "Raciborz op 19th"]
[Site "Raciborz"]
[Date "2019.02.15"]
[Round "9"]
[White "Bogdanov, Egor"]
[Black "Drozniak, Stanislaw"]
[Result "1-0"]
[WhiteElo "2418"]
[BlackElo "2048"]
[PlyCount "49"]
[EventDate "2019.02.09"]
[EventType "swiss"]
[EventRounds "9"]
[EventCountry "POL"]
[SourceTitle "CBM 188 Extra"]
[Source "ChessBase"]
[SourceDate "2019.02.26"]
[SourceVersion "1"]
[SourceVersionDate "2019.02.26"]
[SourceQuality "1"]

1. e4 c5 2. c3 d5 3. exd5 Qxd5 4. d4 Nc6 5. Nf3 Bg4 6. Be2 cxd4 7. cxd4 e6 8. Nc3 Qa5 9. 0-0 Nf6 10. h3 Bh5 11. Qb3 Qb4 12. g4 Bg6 13. Bb5 a6 14. Bxc6+ bxc6 15. Ne5 Rc8 16. Bf4 c5 17. d5 Qxb3 18. axb3 Nxd5 19. Nxd5 exd5 20. Rfe1 Kd8 21. Rxa6 f6 22. Nc6+ Kd7 23. Ra7+ Kxc6 24. Re6+ Kb5 25. Rb7+ 1-0

[Event "POL-chT 2nd League"]
[Site "Jastrzebia Gora"]
[Date "2018.09.02"]
[Round "3.7"]
[White "Drozniak, Stanislaw"]
[Black "Choroszej, Aleksander"]
[Result "1/2-1/2"]
[WhiteElo "2043"]
[BlackElo "2054"]
[PlyCount "65"]
[EventDate "2018.09.01"]
[EventType "team-swiss"]
[EventRounds "9"]
[EventCountry "POL"]
[SourceTitle "CBM 186 Extra"]
[Source "ChessBase"]
[SourceDate "2018.08.24"]
[SourceVersion "1"]
[SourceVersionDate "2018.08.24"]
[SourceQuality "1"]
[WhiteTeam "Jastrzebie Zdroj Pionier"]
[BlackTeam "Zielonka Zieloni"]
[WhiteTeamCountry "POL"]
[BlackTeamCountry "POL"]

1. e4 g6 2. d4 Bg7 3. Nc3 d6 4. f4 Nf6 5. Nf3 0-0 6. e5 Nfd7 7. h4 c5 8. h5 cxd4 9. hxg6 dxc3 10. gxf7+ Rxf7 11. Bc4 e6 12. Ng5 Nxe5 13. Qh5 h6 14. fxe5 hxg5 15. Qh7+ Kf8 16. Qh8+ Bxh8 17. Rxh8+ Kg7 18. Rxd8 Nc6 19. Rxd6 Nxe5 20. Be2 Bd7 21. Be3 cxb2 22. Rb1 Kf6 23. Rxb2 Bc6 24. Bd4 Kf5 25. c3 Rd7 26. Rxd7 Nxd7 27. Bd3+ Kg4 28. Rf2 Rf8 29. Bxa7 Rxf2 30. Kxf2 Ne5 31. Be2+ Kf5 32. Bd4 Bd5 33. a3 1/2-1/2

[Event "Jastrzebie Zdroj op"]
[Site "Jastrzebie Zdroj"]
[Date "2018.08.19"]
[Round "3"]
[White "Rydzewski, Pawel"]
[Black "Drozniak, Stanislaw"]
[Result "1/2-1/2"]
[WhiteElo "1995"]
[BlackElo "2062"]
[PlyCount "122"]
[EventDate "2018.08.18"]
[EventType "swiss"]
[EventRounds "9"]
[EventCountry "POL"]
[SourceTitle "CBM 186 Extra"]
[Source "ChessBase"]
[SourceDate "2018.08.24"]
[SourceVersion "1"]
[SourceVersionDate "2018.08.24"]
[SourceQuality "1"]

1. d4 f5 2. e4 fxe4 3. Nc3 Nf6 4. Bg5 c6 5. Bxf6 exf6 6. Nxe4 d5 7. Ng3 Qe7+ 8. Qe2 Kf7 9. 0-0-0 Qxe2 10. Bxe2 Bd6 11. c3 g6 12. Bd3 h5 13. N1e2 h4 14. Nf1 h3 15. g3 Bg4 16. Nd2 a5 17. f3 Bd7 18. Rhe1 Na6 19. Ng1 b5 20. f4 Bg4 21. Be2 Bf5 22. Ndf3 b4 23. c4 b3 24. a3 Bc2 25. c5 Bxd1 26. Bxd1 Bc7 27. Bxb3 Rae8 28. Re2 g5 29. fxg5 Bxg3 30. g6+ Kxg6 31. Rxe8 Rxe8 32. Bc2+ Kf7 33. Kd1 Bc7 34. Nxh3 Rg8 35. Bd3 Nb8 36. Bf1 Nd7 37. Nf2 Nf8 38. h3 Ne6 39. Ng4 Rb8 40. Kc2 Ng5 41. Nxg5+ fxg5 42. Bd3 Rh8 43. Bf5 Ke7 44. Ne3 Rf8 45. Bg4 Rf2+ 46. Kc3 Bf4 47. Nf5+ Kf6 48. Nd6 Bd2+ 49. Kd3 Bc1 50. Bd7 Bxb2 51. Bxc6 Rf3+ 52. Ke2 Rxh3 53. Nb5 Rb3 54. a4 Rb4 55. Kd3 Ke6 56. Nc7+ Kf5 57. Bd7+ Kg6 58. Nb5 g4 59. Bxg4 Rxa4 60. c6 Rc4 61. c7 Bxd4 1/2-1/2

[Event "Bohumin op 1st"]
[Site "Bohumin"]
[Date "2018.05.27"]
[Round "8"]
[White "Drozniak, Stanislaw"]
[Black "Sebesta, Jan2222"]
[Result "1/2-1/2"]
[WhiteElo "2075"]
[BlackElo "1563"]
[PlyCount "70"]
[EventDate "2018.05.20"]
[EventType "swiss"]
[EventRounds "8"]
[EventCountry "CZE"]
[SourceTitle "CBM 184 Extra"]
[Source "ChessBase"]
[SourceDate "2018.06.28"]
[SourceVersion "1"]
[SourceVersionDate "2018.06.28"]
[SourceQuality "1"]

1. e4 e5 2. Nf3 Nc6 3. d4 exd4 4. Nxd4 Nf6 5. Nxc6 bxc6 6. e5 Qe7 7. Qe2 Nd5 8. c4 Ba6 9. Qe4 Nf6 10. Qe2 Nd5 11. b3 Qh4 12. a3 Bc5 13. g3 Bxf2+ 14. Qxf2 Qe4+ 15. Qe2 Qxh1 16. Nd2 0-0 17. Qf2 Rfe8 18. Bb2 Nf6 19. Nf3 Ng4 20. Qe2 Nxh2 21. Nxh2 Qg1 22. Qf2 Qxf2+ 23. Kxf2 d6 24. exd6 cxd6 25. Bd3 d5 26. Rc1 Rab8 27. b4 c5 28. Bf1 dxc4 29. Bxc4 Bxc4 30. Rxc4 cxb4 31. Rxb4 Rec8 32. Rxb8 Rxb8 33. Bd4 Rb3 34. Bxa7 Rxa3 35. Be3 Ra2+ 1/2-1/2

[Event "Karvina op"]
[Site "Karvina"]
[Date "2017.07.07"]
[Round "7"]
[White "Drozniak, Stanislaw"]
[Black "Kolek, Josef"]
[Result "1/2-1/2"]
[WhiteElo "2062"]
[BlackElo "1801"]
[PlyCount "44"]
[EventDate "2017.07.01"]
[EventType "swiss"]
[EventRounds "9"]
[EventCountry "CZE"]
[SourceTitle "EXT 2018"]
[Source "ChessBase"]
[SourceDate "2017.10.13"]
[SourceVersion "1"]
[SourceVersionDate "2017.10.13"]
[SourceQuality "1"]

1. e4 c5 2. Nf3 Nc6 3. d4 cxd4 4. Nxd4 g6 5. Nc3 Bg7 6. Be3 d6 7. Qd2 Nf6 8. f3 0-0 9. 0-0-0 Bd7 10. g4 Qa5 11. Kb1 Rfc8 12. h4 Ne5 13. h5 Nc4 14. Bxc4 Rxc4 15. Nde2 Rac8 16. Bh6 Bh8 17. Nd5 Qd8 18. hxg6 fxg6 19. Ne3 R4c5 20. Nf4 Qb6 21. Nd3 Ra5 22. g5 Be6 1/2-1/2

[Event "Karvina op"]
[Site "Karvina"]
[Date "2017.07.06"]
[Round "6"]
[White "Czerw, Dawid"]
[Black "Drozniak, Stanislaw"]
[Result "1-0"]
[WhiteElo "2219"]
[BlackElo "2062"]
[PlyCount "113"]
[EventDate "2017.07.01"]
[EventType "swiss"]
[EventRounds "9"]
[EventCountry "CZE"]
[SourceTitle "EXT 2018"]
[Source "ChessBase"]
[SourceDate "2017.10.13"]
[SourceVersion "1"]
[SourceVersionDate "2017.10.13"]
[SourceQuality "1"]

1. d4 e6 2. Nc3 d5 3. e4 Nf6 4. Bg5 dxe4 5. Nxe4 Be7 6. Bxf6 gxf6 7. Nf3 a6 8. g3 f5 9. Nc3 c5 10. d5 Bf6 11. dxe6 Qxd1+ 12. Nxd1 fxe6 13. a4 Bd7 14. Bg2 Bc6 15. 0-0 Nd7 16. Re1 Kf7 17. c3 Be4 18. a5 Rad8 19. Ne3 Nb8 20. Nc4 Nc6 21. Nfd2 Bxg2 22. Kxg2 e5 23. Nb3 e4 24. Nxc5 Rd5 25. Na4 Rhd8 26. Nab6 Rd3 27. Re3 Bg5 28. Rxd3 Rxd3 29. Re1 Bd8 30. Ra1 Bxb6 31. axb6 Ke6 32. Kf1 h5 33. Ke2 h4 34. gxh4 Rh3 35. Rg1 f4 36. Rd1 Rxh4 37. Nd6 e3 38. fxe3 Rxh2+ 39. Kf3 fxe3 40. Nxb7 Ne5+ 41. Kxe3 Nc4+ 42. Kf3 Ke5 43. Nc5 Nxb6 44. Rd4 Nd5 45. Nd3+ Ke6 46. Ra4 Kf5 47. Ra5 Rh3+ 48. Ke2 Rh2+ 49. Nf2 Ke6 50. Rxa6+ Ke5 51. Kf3 Rh7 52. Ng4+ Kf5 53. Ne3+ Ke5 54. Ra5 Rh3+ 55. Kf2 Ke4 56. Ra4+ Kd3 57. Rd4# 1-0

[Event "Karvina op"]
[Site "Karvina"]
[Date "2017.07.01"]
[Round "1"]
[White "Drozniak, Stanislaw"]
[Black "Pilch, David"]
[Result "1-0"]
[WhiteElo "2062"]
[BlackElo "1630"]
[PlyCount "49"]
[EventDate "2017.07.01"]
[EventType "swiss"]
[EventRounds "9"]
[EventCountry "CZE"]
[SourceTitle "EXT 2018"]
[Source "ChessBase"]
[SourceDate "2017.10.13"]
[SourceVersion "1"]
[SourceVersionDate "2017.10.13"]
[SourceQuality "1"]

1. e4 e6 2. Nf3 d5 3. e5 c5 4. b4 cxb4 5. d4 Nc6 6. a3 bxa3 7. c3 Nge7 8. Bd3 g6 9. h4 h5 10. Nxa3 a6 11. Nb5 Nf5 12. Bg5 Be7 13. Bxf5 exf5 14. Nd6+ Kf8 15. Qb3 Qc7 16. Qxd5 Be6 17. Bxe7+ Qxe7 18. Qc5 Kg7 19. Rb1 Bd7 20. Rxb7 Rab8 21. 0-0 Rxb7 22. Nxb7 Rb8 23. Nd6 a5 24. d5 Nxe5 25. Nxf5+ 1-0

[Event "Orlova op 14th"]
[Site "Orlova"]
[Date "2017.05.26"]
[Round "7"]
[White "Drozniak, Stanislaw"]
[Black "Kislinsky, Alexey"]
[Result "0-1"]
[WhiteElo "2043"]
[BlackElo "2484"]
[PlyCount "104"]
[EventDate "2017.05.20"]
[EventType "swiss"]
[EventRounds "9"]
[EventCountry "CZE"]
[SourceTitle "CBM 178 Extra"]
[Source "ChessBase"]
[SourceDate "2017.06.22"]
[SourceVersion "1"]
[SourceVersionDate "2017.06.22"]
[SourceQuality "1"]

1. e4 g6 2. d4 Bg7 3. Nc3 d6 4. f4 Nf6 5. Nf3 0-0 6. Bd3 Na6 7. Qe2 c5 8. e5 Ng4 9. dxc5 Nxc5 10. Bc4 dxe5 11. h3 Nh6 12. fxe5 Nf5 13. Qf2 Be6 14. Bxe6 Nxe6 15. 0-0 Ned4 16. Bf4 Nxf3+ 17. gxf3 Qa5 18. Rae1 Rad8 19. Re4 a6 20. Rfe1 e6 21. b4 Qc7 22. Na4 Qc6 23. Nb6 Nd4 24. Rxd4 Qxb6 25. Rxd8 Qxd8 26. Re4 Qd1+ 27. Kg2 b5 28. c4 bxc4 29. Rxc4 Rd8 30. Qc2 h6 31. Qxd1 Rxd1 32. a4 g5 33. Bg3 Bf8 34. Rc6 Rd2+ 35. Kf1 Bxb4 36. Rxa6 Ra2 37. h4 gxh4 38. Bxh4 Kg7 39. Ra8 Bc3 40. Bg3 h5 41. Rc8 Bb4 42. Ra8 Be7 43. Ra7 Bg5 44. f4 h4 45. fxg5 hxg3 46. Ra8 Kg6 47. Rg8+ Kf5 48. Rg7 Rxa4 49. Kg2 Rg4 50. Rxf7+ Kxe5 51. Rg7 Kf5 52. g6 Rxg6 0-1

[Event "Orlova op 14th"]
[Site "Orlova"]
[Date "2017.05.20"]
[Round "1"]
[White "Drozniak, Stanislaw"]
[Black "Szpalek, Martin"]
[Result "1-0"]
[WhiteElo "2043"]
[BlackElo "1374"]
[PlyCount "73"]
[EventDate "2017.05.20"]
[EventType "swiss"]
[EventRounds "9"]
[EventCountry "CZE"]
[SourceTitle "CBM 178 Extra"]
[Source "ChessBase"]
[SourceDate "2017.06.22"]
[SourceVersion "1"]
[SourceVersionDate "2017.06.22"]
[SourceQuality "1"]

1. e4 e5 2. f4 d5 3. exd5 e4 4. d3 exd3 5. Qxd3 Nf6 6. Nc3 Bc5 7. Bd2 0-0 8. 0-0-0 c6 9. dxc6 Qb6 10. Na4 Qxc6 11. Nxc5 Qxc5 12. Qc3 Qxc3 13. Bxc3 Ne4 14. Bd4 Nc6 15. Nf3 Bf5 16. Bb5 Rac8 17. Bxc6 Rxc6 18. Nh4 Be6 19. Rhe1 Nc5 20. Kb1 h6 21. f5 Bc4 22. b3 Ba6 23. g4 Rfc8 24. Nf3 Rb6 25. Bxc5 Rxc5 26. Rd8+ Kh7 27. Ree8 g6 28. g5 gxf5 29. Rh8+ Kg6 30. Rxh6+ Kg7 31. Rhh8 f6 32. Rdg8+ Kf7 33. g6+ Ke6 34. Rd8 Rd6 35. Rhe8+ Kd5 36. Rxd6+ Kxd6 37. g7 1-0

[Event "POL-chT U19 2nd League"]
[Site "Iwonicz"]
[Date "2016.07.31"]
[Round "7.2"]
[White "Krol, Marcin"]
[Black "Drozniak, Stanislaw"]
[Result "0-1"]
[WhiteElo "1626"]
[BlackElo "2135"]
[PlyCount "62"]
[EventDate "2016.07.23"]
[EventType "team-swiss"]
[EventRounds "11"]
[EventCountry "POL"]
[SourceTitle "EXT 2019"]
[Source "ChessBase"]
[SourceDate "2018.10.10"]
[SourceVersion "1"]
[SourceVersionDate "2018.10.10"]
[SourceQuality "1"]
[WhiteTeam "Konin UKS Smecz U19"]
[BlackTeam "Jastrzebie Zdroj Pionier U19"]
[WhiteTeamCountry "POL"]
[BlackTeamCountry "POL"]

1. d4 Nf6 2. Nf3 g6 3. c4 Bg7 4. Nc3 0-0 5. e4 d6 6. Be2 e5 7. d5 a5 8. 0-0 Na6 9. a3 Nc5 10. Qc2 a4 11. Be3 Nfd7 12. Nd2 f5 13. exf5 gxf5 14. f4 e4 15. b4 axb3 16. Nxb3 Nxb3 17. Qxb3 Nc5 18. Qc2 Qf6 19. Nb5 c6 20. Bd4 Qe7 21. Bxg7 Qxg7 22. Nc3 cxd5 23. Nxd5 Be6 24. Rfd1 Bxd5 25. cxd5 Ra5 26. Ra2 Rfa8 27. Rda1 Qd4+ 28. Kh1 Nd3 29. Bxd3 exd3 30. Qd2 Rxa3 31. Rxa3 Qxa1+ 0-1

[Event "Orlova op 13th"]
[Site "Orlova"]
[Date "2016.05.28"]
[Round "8"]
[White "Jaworski, Miroslaw"]
[Black "Drozniak, Stanislaw"]
[Result "1-0"]
[WhiteElo "2268"]
[BlackElo "2084"]
[PlyCount "61"]
[EventDate "2016.05.21"]
[EventType "swiss"]
[EventRounds "9"]
[EventCountry "CZE"]
[SourceTitle "CBM 172 Extra"]
[Source "ChessBase"]
[SourceDate "2016.06.21"]
[SourceVersion "1"]
[SourceVersionDate "2016.06.21"]
[SourceQuality "1"]

1. d4 Nf6 2. Nf3 g6 3. c4 Bg7 4. Nc3 0-0 5. g3 d6 6. Bg2 Nc6 7. 0-0 a6 8. Bf4 Rb8 9. Rc1 Bf5 10. Qd2 Re8 11. d5 Na5 12. b3 c5 13. dxc6 Nxc6 14. Nh4 Be6 15. Nd5 Nd7 16. Nf3 Nde5 17. Ng5 Bf5 18. Ne4 b5 19. cxb5 axb5 20. Bg5 f6 21. Be3 Bd7 22. h3 e6 23. Nxd6 exd5 24. Bxd5+ Be6 25. Bxc6 Nxc6 26. Rxc6 Bxh3 27. Nxe8 Qxe8 28. Qd5+ Kh8 29. Rd1 Bf5 30. Rd6 Be4 31. Qd2 1-0

[Event "Orlova op 13th"]
[Site "Orlova"]
[Date "2016.05.26"]
[Round "6"]
[White "Havelka, Ondrej"]
[Black "Drozniak, Stanislaw"]
[Result "0-1"]
[WhiteElo "1999"]
[BlackElo "2084"]
[PlyCount "112"]
[EventDate "2016.05.21"]
[EventType "swiss"]
[EventRounds "9"]
[EventCountry "CZE"]
[SourceTitle "CBM 172 Extra"]
[Source "ChessBase"]
[SourceDate "2016.06.21"]
[SourceVersion "1"]
[SourceVersionDate "2016.06.21"]
[SourceQuality "1"]

1. d4 Nf6 2. c4 g6 3. Nc3 Bg7 4. e4 d6 5. f3 0-0 6. Be3 Nc6 7. Nge2 a6 8. Qd2 Rb8 9. Rc1 e5 10. d5 Na5 11. Ng3 c5 12. b4 cxb4 13. Na4 b5 14. Qxb4 Bd7 15. Nc3 Nxc4 16. Bxc4 bxc4 17. Qxd6 Ne8 18. Qxa6 f5 19. Bc5 Qg5 20. 0-0 f4 21. Nge2 Rf7 22. Kh1 Rc8 23. Bf2 Qh5 24. Rb1 g5 25. Rb7 Rf6 26. Qa7 g4 27. Rxd7 gxf3 28. Rxg7+ Nxg7 29. Qd7 fxg2+ 30. Kxg2 Rg6+ 31. Ng3 Rf8 32. Bc5 Rb8 33. Rf3 h6 34. Bf2 fxg3 35. hxg3 Qg5 36. d6 Rf6 37. Rxf6 Qxf6 38. Nd5 Qf7 39. Nc3 Qf6 40. Nd5 Qf7 41. Qc7 Rb2 42. Qc5 Ne6 43. Qe3 Kg7 44. Ne7 Nd4 45. a4 c3 46. Nf5+ Nxf5 47. exf5 Qd5+ 48. Kh3 Qxd6 49. Be1 Qd5 50. Bxc3 Qh1+ 51. Kg4 Qd1+ 52. Qf3 h5+ 53. Kg5 Qxf3 54. Bxe5+ Kf7 55. Bxb2 Qxg3+ 56. Kh6 Qe3+ 0-1

[Event "POL-chT U19 2nd League"]
[Site "Iwonicz"]
[Date "2015.08.01"]
[Round "2.56"]
[White "Drozniak, Stanislaw"]
[Black "Radecki, Adam"]
[Result "1/2-1/2"]
[WhiteElo "1899"]
[BlackElo "1579"]
[PlyCount "125"]
[EventDate "2015.07.25"]
[EventType "team-swiss"]
[EventRounds "11"]
[EventCountry "POL"]
[SourceTitle "EXT 2019"]
[Source "ChessBase"]
[SourceDate "2018.10.10"]
[SourceVersion "1"]
[SourceVersionDate "2018.10.10"]
[SourceQuality "1"]
[WhiteTeam "Jastrzebie Zdroj Pionier U19"]
[BlackTeam "Rydultowy Ognisko U19 II"]
[WhiteTeamCountry "POL"]
[BlackTeamCountry "POL"]

1. e4 c5 2. Nf3 d6 3. d4 cxd4 4. Nxd4 Nf6 5. Nc3 g6 6. Be3 Bg7 7. f3 0-0 8. Qd2 Nc6 9. 0-0-0 d5 10. exd5 Nxd5 11. Nxc6 bxc6 12. Nxd5 cxd5 13. Bh6 Rb8 14. Bxg7 Kxg7 15. Qxd5 Qc7 16. Bc4 Kg8 17. Bb3 Be6 18. Qd3 Bf5 19. Qc4 Qa5 20. Qc3 Qb6 21. g4 Rfc8 22. Qd4 Qc6 23. Qd5 Qxd5 24. Rxd5 Rxb3 25. axb3 Rxc2+ 26. Kd1 Rxb2 27. Re1 Be6 28. Rd8+ Kg7 29. Rb8 Rxh2 30. Re2 Rh3 31. Rf2 Rh1+ 32. Kc2 Ra1 33. Kc3 a5 34. Rb7 Rb1 35. Rb5 Re1 36. g5 Re3+ 37. Kb2 Rd3 38. f4 Re3 39. Kc2 a4 40. bxa4 Ra3 41. Kd2 Rxa4 42. Rb7 Ra2+ 43. Ke3 Ra3+ 44. Kd4 Ra4+ 45. Kc5 Rc4+ 46. Kb5 Re4 47. Ka5 Bf5 48. Rb4 Re3 49. Rd2 e5 50. fxe5 Rxe5+ 51. Rb5 Re3 52. Rg2 Bd7 53. Rc5 Rf3 54. Kb4 Be6 55. Rc3 Rf4+ 56. Kc5 Rf5+ 57. Kd4 Ra5 58. Ke3 Re5+ 59. Kf4 Rf5+ 60. Ke3 Bd5 61. Rg3 Be6 62. Rg2 h6 63. Ke4 1/2-1/2

[Event "POL-chT U19 2nd League"]
[Site "Iwonicz"]
[Date "2015.08.01"]
[Round "5.32"]
[White "Modlich, Piotr"]
[Black "Drozniak, Stanislaw"]
[Result "1-0"]
[WhiteElo "1709"]
[BlackElo "1899"]
[PlyCount "38"]
[EventDate "2015.07.25"]
[EventType "team-swiss"]
[EventRounds "11"]
[EventCountry "POL"]
[SourceTitle "EXT 2019"]
[Source "ChessBase"]
[SourceDate "2018.10.10"]
[SourceVersion "1"]
[SourceVersionDate "2018.10.10"]
[SourceQuality "1"]
[WhiteTeam "Gliwice Akademia Szachowa U19"]
[BlackTeam "Jastrzebie Zdroj Pionier U19"]
[WhiteTeamCountry "POL"]
[BlackTeamCountry "POL"]

1. e4 c5 2. Nf3 d6 3. d4 cxd4 4. Nxd4 Nf6 5. Nc3 g6 6. Be3 Bg7 7. f3 0-0 8. Qd2 Nc6 9. g4 Be6 10. Nxe6 fxe6 11. 0-0-0 Ne5 12. Be2 Rc8 13. Bh6 Bxh6 14. Qxh6 Rxc3 15. bxc3 Qa5 16. Kb1 Rc8 17. Qc1 Rc6 18. Ka1 Qxc3+ 19. Qb2 Qa5 1-0

[Event "POL-chT U19 2nd League"]
[Site "Iwonicz"]
[Date "2015.08.01"]
[Round "1.14"]
[White "Mrozowski, Patryk"]
[Black "Drozniak, Stanislaw"]
[Result "1/2-1/2"]
[WhiteElo "1948"]
[BlackElo "1899"]
[PlyCount "83"]
[EventDate "2015.07.25"]
[EventType "team-swiss"]
[EventRounds "11"]
[EventCountry "POL"]
[SourceTitle "EXT 2019"]
[Source "ChessBase"]
[SourceDate "2018.10.10"]
[SourceVersion "1"]
[SourceVersionDate "2018.10.10"]
[SourceQuality "1"]
[WhiteTeam "Krosno KKSz Urania U19"]
[BlackTeam "Jastrzebie Zdroj Pionier U19"]
[WhiteTeamCountry "POL"]
[BlackTeamCountry "POL"]

1. e4 c5 2. Nf3 d6 3. d4 cxd4 4. Nxd4 Nf6 5. Nc3 g6 6. Be2 Bg7 7. 0-0 0-0 8. Be3 Nc6 9. Kh1 Nxd4 10. Bxd4 Be6 11. Qd2 Qa5 12. Qe3 Rfc8 13. f4 Bc4 14. e5 Bxe2 15. exf6 Bxf1 16. fxg7 Bc4 17. Qxe7 Re8 18. Qh4 b5 19. Re1 f5 20. b3 Rxe1+ 21. Qxe1 Bf7 22. a3 Re8 23. Qc1 a6 24. h3 Qd8 25. Qd2 Qe7 26. Kh2 h6 27. Nd1 Qe2 28. Qxe2 Rxe2 29. Ne3 Rd2 30. Bc3 Re2 31. Bd4 Be6 32. Kg3 g5 33. Kf3 Re1 34. Bc3 Rc1 35. Bb2 Rb1 36. Bc3 Rc1 37. Bb2 Rb1 38. Bc3 Rc1 39. Bb2 Rb1 40. Bc3 Rc1 41. Bb2 Rb1 42. Bc3 1/2-1/2

[Event "Liptovsky Mikulas CupT U20"]
[Site "Liptovsky Mikulas"]
[Date "2015.06.28"]
[Round "6.2"]
[White "Gasa, Patrik"]
[Black "Drozniak, Stanislaw"]
[Result "1-0"]
[WhiteElo "2100"]
[BlackElo "1841"]
[PlyCount "95"]
[EventDate "2015.06.25"]
[EventType "team-swiss"]
[EventRounds "7"]
[EventCountry "SVK"]
[SourceTitle "CBM 167 Extra"]
[Source "ChessBase"]
[SourceDate "2015.09.14"]
[SourceVersion "1"]
[SourceVersionDate "2015.09.14"]
[SourceQuality "1"]
[WhiteTeam "Osuske (U18)"]
[BlackTeam "Jastrzebie Zdroj (U18)"]
[WhiteTeamCountry "SVK"]
[BlackTeamCountry "POL"]

1. e4 c5 2. Nf3 d6 3. Bb5+ Bd7 4. Bxd7+ Qxd7 5. 0-0 g6 6. c4 Bg7 7. d3 Nc6 8. Nc3 Nf6 9. Re1 0-0 10. h3 Rfb8 11. Rb1 a6 12. Nd5 Nxd5 13. exd5 Nd4 14. Nxd4 Bxd4 15. Be3 Bf6 16. d4 b5 17. dxc5 bxc4 18. c6 Qf5 19. Bd4 Qxd5 20. Bxf6 Qxd1 21. Rexd1 exf6 22. Rxd6 c3 23. b3 Rc8 24. Rc1 Kf8 25. Rxc3 Ra7 26. Rd7 Rxd7 27. cxd7 Rd8 28. Rc8 Ke7 29. Rxd8 Kxd8 30. Kf1 Kxd7 31. Ke2 Kd6 32. Ke3 Kc5 33. Kd3 Kb4 34. Kc2 Ka3 35. Kb1 f5 36. f3 f6 37. Ka1 h5 38. Kb1 g5 39. Ka1 f4 40. Kb1 f5 41. Ka1 g4 42. Kb1 a5 43. Ka1 h4 44. Kb1 gxh3 45. gxh3 a4 46. Kc2 Kb4 47. bxa4 Kxa4 48. Kc3 1-0

[Event "Liptovsky Mikulas CupT U20"]
[Site "Liptovsky Mikulas"]
[Date "2015.06.27"]
[Round "4.2"]
[White "Adamciak, Tomas"]
[Black "Drozniak, Stanislaw"]
[Result "1/2-1/2"]
[WhiteElo "1958"]
[BlackElo "1841"]
[PlyCount "94"]
[EventDate "2015.06.25"]
[EventType "team-swiss"]
[EventRounds "7"]
[EventCountry "SVK"]
[SourceTitle "CBM 167 Extra"]
[Source "ChessBase"]
[SourceDate "2015.09.14"]
[SourceVersion "1"]
[SourceVersionDate "2015.09.14"]
[SourceQuality "1"]
[WhiteTeam "Liptov Chess School (U18)"]
[BlackTeam "Jastrzebie Zdroj (U18)"]
[WhiteTeamCountry "SVK"]
[BlackTeamCountry "POL"]

1. d4 Nf6 2. Nf3 c5 3. c3 g6 4. Bf4 Bg7 5. e3 0-0 6. h3 b6 7. Bd3 Bb7 8. Nbd2 d6 9. 0-0 Nbd7 10. Qe2 Re8 11. e4 e5 12. dxe5 dxe5 13. Bh2 Nh5 14. Nc4 Qc7 15. a4 Nf4 16. Qc2 Nf8 17. Bxf4 exf4 18. Rfe1 Rad8 19. Rad1 Qe7 20. Ncd2 Nd7 21. Bb5 a6 22. Bxd7 Rxd7 23. Qb3 Qe6 24. Qxe6 Rxe6 25. Nc4 Rxd1 26. Rxd1 Bf6 27. Rd6 Rxd6 28. Nxd6 Bc6 29. Nc4 b5 30. axb5 axb5 31. Ncd2 b4 32. cxb4 cxb4 33. e5 Be7 34. Nc4 f6 35. exf6 Bxf6 36. Nfe5 Bb5 37. b3 Kf8 38. Nd6 Be2 39. Nc6 Bd1 40. Ne4 Bc3 41. Nc5 f3 42. Nd3 fxg2 43. Kxg2 Bxb3 44. Ncxb4 Kf7 45. Kg3 Kf6 46. Nc5 Bxb4 47. Nxb3 Bd6+ 1/2-1/2

[Event "Liptovsky Mikulas CupT U20"]
[Site "Liptovsky Mikulas"]
[Date "2015.06.26"]
[Round "3.2"]
[White "Drozniak, Stanislaw"]
[Black "Vrtiakova, Anna"]
[Result "1-0"]
[WhiteElo "1841"]
[BlackElo "1940"]
[PlyCount "97"]
[EventDate "2015.06.25"]
[EventType "team-swiss"]
[EventRounds "7"]
[EventCountry "SVK"]
[SourceTitle "CBM 167 Extra"]
[Source "ChessBase"]
[SourceDate "2015.09.14"]
[SourceVersion "1"]
[SourceVersionDate "2015.09.14"]
[SourceQuality "1"]
[WhiteTeam "Jastrzebie Zdroj (U18)"]
[BlackTeam "Interchess (U18)"]
[WhiteTeamCountry "POL"]
[BlackTeamCountry "SVK"]

1. e4 c5 2. Nf3 d6 3. d4 cxd4 4. Nxd4 Nf6 5. Nc3 a6 6. Bg5 Nbd7 7. f4 Qc7 8. Qf3 h6 9. Bh4 g5 10. fxg5 hxg5 11. Bxg5 Qc5 12. Be3 Ne5 13. Qe2 Nfg4 14. Bg1 Bh6 15. Nd5 Qa5+ 16. c3 e6 17. Nb3 Qd8 18. Bb6 Qg5 19. Nc7+ Ke7 20. Nxa8 Bd7 21. Nc7 Rc8 22. Nd4 Nxh2 23. Nf5+ exf5 24. Nd5+ Kf8 25. Be3 Qh4+ 26. Kd1 f4 27. Bf2 Qg5 28. Qd2 Nxf1 29. Rxf1 Bb5 30. Rh1 Ke8 31. Bh4 Qg4+ 32. Kc2 Bg7 33. Bf6 Qg6 34. Bxg7 Qxg7 35. Nxf4 Rc6 36. a4 Bc4 37. b3 Be6 38. Nxe6 fxe6 39. Raf1 Ng6 40. Rf3 Ne5 41. Rfh3 Nf7 42. Qf2 Rc7 43. Rg3 Qe5 44. Rg8+ Ke7 45. Qf3 d5 46. Rh7 Kd6 47. Rxf7 Rxf7 48. Qxf7 Qxe4+ 49. Kb2 1-0